| Tag |
First Indicator |
Second Indicator |
Subfields |
| LEADER |
00000cam a2200000Ii 4500 |
| 001 |
in00001403066 |
| 005 |
20200330143238.0 |
| 008 |
840721s1958 txua b s000 0 eng d |
| 035 |
|
|
|a (OCoLC)ocm10973597
|
| 040 |
|
|
|a TWT
|b eng
|e rda
|c TWT
|d OCLCF
|d OCLCQ
|d OCLCO
|d TXA
|d OCLCO
|d OCLCA
|d TXA
|
| 035 |
|
|
|a (OCoLC)10973597
|
| 043 |
|
|
|a n-us-tx
|
| 086 |
|
|
|a Z TA245.7 M861 no. 285
|2 txdocs
|
| 090 |
|
|
|a S117
|b .E295 no. 285
|
| 049 |
|
|
|a TXAM
|
| 100 |
1 |
|
|a Hall, Wayne C.,
|e author.
|
| 245 |
1 |
0 |
|a Physiology and biochemistry of abscission in the cotton plant /
|c Wayne C. Hall.
|
| 264 |
|
1 |
|a College Station, Texas :
|b Texas Agricultural Experiment Station,
|c 1958.
|
| 300 |
|
|
|a 23 pages :
|b illustrations ;
|c 28 cm
|
| 336 |
|
|
|a text
|b txt
|2 rdacontent
|
| 337 |
|
|
|a unmediated
|b n
|2 rdamedia
|
| 338 |
|
|
|a volume
|b nc
|2 rdacarrier
|
| 490 |
1 |
|
|a MP / Texas Texas Agricultural Experiment Station ;
|v 285
|
| 504 |
|
|
|a Includes bibliographical references (pages 21-23).
|
| 500 |
|
|
|a Title from cover.
|
| 550 |
|
|
|a The United States Department of Agriculture cooperating.
|
| 650 |
|
0 |
|a Cotton
|x Diseases and pests.
|
| 650 |
|
7 |
|a Cotton
|x Diseases and pests.
|2 fast
|0 (OCoLC)fst00880871
|
| 650 |
|
3 |
|a integumentary system physiology
|
| 650 |
|
3 |
|a shedding
|
| 710 |
1 |
|
|a United States.
|b Department of Agriculture,
|e issuing body.
|
| 710 |
2 |
|
|a Texas Agricultural Experiment Station,
|e issuing body.
|
| 830 |
|
0 |
|a Miscellaneous publication (College Station, Tex.) ;
|v no. 285.
|
| 856 |
4 |
1 |
|z Available online via OAK Trust Repository
|u https://oaktrust.library.tamu.edu/handle/1969.1/160669
|t 0
|
| 994 |
|
|
|a C0
|b TXA
|
| 948 |
|
|
|a cataloged
|b h
|c 2020/3/30
|d c
|e zliu
|f 2:32:28 pm
|
| 999 |
f |
f |
|s 942abf87-008f-3c9d-85c0-15b4a3234412
|i ad6c53c3-3929-326a-a401-4f65263110a5
|t 0
|
| 952 |
f |
f |
|p normal
|a Texas A&M University
|b College Station
|c Sterling C. Evans Library
|d Evans: Texas Documents (Annex 5th floor)
|t 0
|e Z TA245.7 M681 no.236-285
|h Superintendent of Documents classification
|i unmediated -- volume
|k no.236-285
|l 1957:Oct-1958:June
|m A14816097070
|
| 952 |
f |
f |
|a Texas A&M University
|b College Station
|c Sterling C. Evans Library
|d Evans: Texas Documents (Annex 5th floor)
|t 0
|e Z TA245.7 M681 no.236-285
|h Superintendent of Documents classification
|
| 998 |
f |
f |
|a Z TA245.7 M681 no.236-285
|s 236-246,248-250,254-257,259,260,262,264,266-274,276,277,279-283,285
|t 0
|l Evans: Texas Documents (Annex 5th floor)
|